000 00505nam a2200181 a 4500
005 20140310183137.0
008 020820s19uu xx 00 eng d
020 _a0071160353
050 _aHG 4026.26
_b.B6668 1999
100 _aBrealey, Richard A.
245 _aFundamentals of corporate finance /
_cRichard A. Brealey.
260 _aBoston :
_bIrwin,
_c1999.
300 _a752 p. :
_bill. ;
_c24 cm.
521 _aBSBA
650 _aCorporations
_xfinance
942 _cBK
_2lcc
_kFOR
999 _c19309
_d19309